Normal view
MARC view
- Indígenas de América del Sur
Entry Materia
001 - NÚMERO DE CONTROL DEL REGISTRO
- campo de control: 33
003 - IDENTIFICADOR DE NUMERO DE CONTROL
- campo de control: MX-MxUPN
005 - FECHA Y HORA DE LA ÚLTIMA TRANSACCIÓN
- campo de control: 20231127112048.0
008 - DATOS DE LONGITUD FIJA
- campo de control de longitud fija: 231117n||acnnnbabn | ana |d
035 ## - NÚMERO DE CONTROL DEL SISTEMA
- Número de control del sistema: UPN10000000033
040 ## - FUENTE DE LA CATALOGACIÓN
- Centro catalogador de origen: MX-MxUPN
- Lengua de catalogación: spa
- Agencia de transcripción: MX-MxUPN
150 ## - ENCABEZAMIENTO - TEMÁTICO
- Término de materia o nombre geográfico como elemento inicial: Indígenas de América del Sur
360 ## - REFERENCIA COMPLEJA DE VÉASE ADEMÁS - MATERIA
- Texto explicativo: Subdivídase por países o regiones. Ej.:
- Encabezamiento al que se remite: INDIOS DE AMERICA DEL SUR - PERU
450 ## - VÉASE - MATERIA
- Subcampo de control: nno
- Encabezamiento temático: Indios de América del Sur
670 ## - FUENTE EN LA QUE SE LOCALIZARON DATOS
- Cita de la fuente: LEMB, 1998:
- Información localizada: página 570 (Indígenas de América del Sur)
902 ## - CATALOGADOR
- Catalogador: BEC/031096
- Catalogador: Víctor Ruiz/171123
